[Event "Junior Online 4NCL Division 4"]
[Site "online"]
[Date "2021.03.04"]
[EventDate "2021.03.04"]
[Round "4.148"]
[White "Mohindra, Arun"]
[WhiteElo "1275"]
[WhiteTeam "Forest Hall Juniors"]
[Black "Glynne, Jacob"]
[BlackElo "829"]
[BlackTeam "Tetherdown Knights"]
[Result "1-0"]
[PlyCount "53"]

1. e4 e6 2. d4 d5 3. Nc3 e5 4. dxe5 d4 5. Nd5 c6 6. Nb4 a5 7. Nd3 a4 8. Nf3 c5 9. Nf4 Nh6 10. Nd5 Nc6 11. Bb5 Ra5 12. Bxc6+ bxc6 13. Bxh6 gxh6 14. Nf6+ Ke7 15. c3 Bg7 16. Nh5 Bf8 17. cxd4 Bg4 18. Nf6 Bxf3 19. Qxf3 cxd4 20. Qa3+ c5 21. b4 cxb4 22. Qxb4+ Ke6 23. Qc4+ Kxe5 24. Ng4+ Kxe4 25. f3+ Kf4 26. g3+ Kxf3 27. Qe2# 1-0

[Event "Junior Online 4NCL Division 4"]
[Site "online"]
[Date "2021.03.04"]
[EventDate "2021.03.04"]
[Round "4.151"]
[White "Roets, Nicholas"]
[WhiteElo "1240"]
[WhiteTeam "Wimbledon Juniors A"]
[Black "Dalah, Jacob"]
[BlackElo "1038"]
[BlackTeam "Edgware Gambits G"]
[Result "1-0"]
[PlyCount "203"]

1. d4 d5 2. c4 dxc4 3. e3 Nf6 4. Bxc4 e5 5. Nf3 e4 6. Nfd2 Bg4 7. Qb3 Qd7 8. Qxb7 Qc6 9. Qxc6+ Nxc6 10. Nc3 Bb4 11. a3 Bxc3 12. bxc3 O-O-O 13. O-O Nd5 14. Bxd5 Rxd5 15. Nxe4 Na5 16. f3 Bf5 17. Nd2 Bd3 18. Rf2 Nc4 19. e4 Ra5 20. Nxc4 Bxc4 21. Bf4 f6 22. e5 fxe5 23. Bxe5 Rg8 24. Rb2 Kd7 25. Rb4 Ba6 26. a4 c6 27. Rb8 Rxb8 28. Bxb8 Bb5 29. Be5 g6 30. Kf2 Bxa4 31. c4 Ke6 32. c5 Kd5 33. Rc1 Bb5 34. g4 Ra2+ 35. Ke3 a5 36. f4 a4 37. f5 gxf5 38. gxf5 Ra3+ 39. Kf2 Rb3 40. f6 Bd3 41. Ra1 Be4 42. Rxa4 Rf3+ 43. Ke2 Ke6 44. Ra7 Bd5 45. Re7+ Kf5 46. Rxh7 Kg6 47. Rg7+ Kh6 48. Rg3 Rf5 49. Ke3 Kh5 50. Rg7 Kh6 51. Kd3 Rf1 52. Kc3 Rf3+ 53. Kb4 Rb3+ 54. Ka5 Ra3+ 55. Kb6 Rb3+ 56. Kc7 Ra3 57. Kd6 Rf3 58. Ke7 Ra3 59. f7 Ra7+ 60. Kf6 Ra8 61. Rg8 Rxg8 62. fxg8=Q Bxg8 63. Ke7 Bd5 64. Kf6 Kh5 65. Kf5 Kh4 66. Kf4 Kh3 67. Ke3 Kg2 68. h4 Kh3 69. h5 Bg8 70. h6 Kh4 71. Bf4 Kh5 72. Ke4 Bh7+ 73. Ke5 Kg4 74. Bd2 Kf3 75. d5 cxd5 76. Kxd5 Bf5 77. c6 Kg4 78. Kd6 Kh5 79. c7 Kg6 80. Ke7 Kh7 81. Kd8 Bh3 82. c8=Q Bxc8 83. Kxc8 Kh8 84. Kd7 Kh7 85. Ke7 Kh8 86. Kf7 Kh7 87. Kf8 Kh8 88. Kf7 Kh7 89. Kf6 Kh8 90. Kg6 Kg8 91. h7+ Kf8 92. h8=Q+ Ke7 93. Qf6+ Kd7 94. Kf5 Ke8 95. Qg7 Kd8 96. Qf7 Kc8 97. Qe7 Kb8 98. Qd7 Ka8 99. Ke5 Kb8 100. Kd6 Ka8 101. Kc6 Kb8 102. Qb7# 1-0

[Event "Junior Online 4NCL Division 4"]
[Site "online"]
[Date "2021.03.04"]
[EventDate "2021.03.04"]
[Round "4.152"]
[White "Bengani, Arihant"]
[WhiteElo "1105"]
[WhiteTeam "Edgware Gambits G"]
[Black "Doorduin, Lara"]
[BlackElo "1073"]
[BlackTeam "Wimbledon Juniors A"]
[Result "1-0"]
[PlyCount "99"]

1. e4 e5 2. Nf3 Nc6 3. Bc4 Bc5 4. O-O d6 5. c3 Bg4 6. d3 h6 7. Be3 Bxe3 8. fxe3 Nf6 9. d4 exd4 10. exd4 d5 11. exd5 Nxd5 12. Re1+ Nce7 13. Qb3 c6 14. Qxb7 Bxf3 15. Bxd5 cxd5 16. gxf3 Qd7 17. Qxa8+ Qd8 18. Qc6+ Qd7 19. Qxd7+ Kxd7 20. Nd2 Re8 21. c4 dxc4 22. Nxc4 Nf5 23. Rxe8 Kxe8 24. Re1+ Kd7 25. Re5 Nh4 26. Rd5+ Ke6 27. Re5+ Kf6 28. Nd6 Nxf3+ 29. Kf2 Nxe5 30. dxe5+ Kxe5 31. Nxf7+ Kf6 32. Nd6 Ke6 33. Nc8 Kd7 34. Nxa7 Kd6 35. b4 Kd5 36. a4 Kc4 37. b5 Kc5 38. Nc6 Kb6 39. Ke3 Kb7 40. Kd4 Kb6 41. Kd5 g6 42. Kd6 g5 43. Nd4 Ka5 44. Kc6 h5 45. b6 Ka6 46. Kc7 g4 47. b7 Ka5 48. b8=Q Kxa4 49. Qb5+ Ka3 50. Qb3# 1-0

[Event "Junior Online 4NCL Division 4"]
[Site "online"]
[Date "2021.03.04"]
[EventDate "2021.03.04"]
[Round "4.153"]
[White "Shan-Muhammad, Rohan"]
[WhiteElo "1068"]
[WhiteTeam "Wimbledon Juniors A"]
[Black "Tager, Maya"]
[BlackElo "1037"]
[BlackTeam "Edgware Gambits G"]
[Result "1-0"]
[PlyCount "59"]

1. e4 e5 2. Nf3 Nc6 3. Bc4 Be7 4. Nc3 Nf6 5. d3 O-O 6. Be3 Na5 7. Nxe5 Nxc4 8. Nxc4 d6 9. O-O c6 10. Nd2 d5 11. exd5 cxd5 12. Bd4 Bb4 13. Bxf6 Qxf6 14. Na4 b5 15. Nc3 Bxc3 16. bxc3 Qxc3 17. Rb1 a6 18. Nf3 Qf6 19. h3 Qg6 20. Nh4 Qg5 21. Rb4 Bxh3 22. Qf3 Bg4 23. Rxg4 Qd2 24. Nf5 g6 25. Ne7+ Kg7 26. Qxd5 Qxc2 27. Qe5+ f6 28. Nf5+ Kg8 29. Qe7 Rf7 30. Nh6+ 1-0

[Event "Junior Online 4NCL Division 4"]
[Site "online"]
[Date "2021.03.04"]
[EventDate "2021.03.04"]
[Round "4.155"]
[White "Dalah, Jacob"]
[WhiteElo "1038"]
[WhiteTeam "Edgware Gambits G"]
[Black "Roets, Nicholas"]
[BlackElo "1240"]
[BlackTeam "Wimbledon Juniors A"]
[Result "1-0"]
[PlyCount "83"]

1. e4 c6 2. d4 d5 3. e5 Bf5 4. c3 e6 5. Bd3 Bxd3 6. Qxd3 Nd7 7. Nf3 c5 8. O-O c4 9. Qc2 Be7 10. Nbd2 f6 11. b3 Rc8 12. bxc4 dxc4 13. Rb1 a5 14. Rxb7 Nh6 15. Qa4 O-O 16. Qxd7 Qxd7 17. Rxd7 Bd8 18. Ba3 Re8 19. Bd6 Nf5 20. Bc5 fxe5 21. Nxe5 Bf6 22. Nexc4 a4 23. g4 Nh4 24. Nd6 Red8 25. Nxc8 Rxd7 26. Nb6 Rc7 27. Nxa4 Bg5 28. Ne4 Bf4 29. Bd6 Bxd6 30. Nxd6 Ra7 31. Nb2 Rxa2 32. Nbc4 Rc2 33. Ne4 Re2 34. f3 Rg2+ 35. Kh1 Kf7 36. Ne5+ Ke7 37. g5 Re2 38. Ng3 Rc2 39. c4 Rd2 40. Ne4 Rxd4 41. Nc6+ Kd7 42. Nxd4 1-0

[Event "Junior Online 4NCL Division 4"]
[Site "online"]
[Date "2021.03.04"]
[EventDate "2021.03.04"]
[Round "4.156"]
[White "Doorduin, Lara"]
[WhiteElo "1073"]
[WhiteTeam "Wimbledon Juniors A"]
[Black "Bengani, Arihant"]
[BlackElo "1105"]
[BlackTeam "Edgware Gambits G"]
[Result "1-0"]
[PlyCount "48"]

1. e4 e5 2. f4 exf4 3. Nf3 Nc6 4. d4 d5 5. e5 Bg4 6. Bxf4 Qe7 7. Bb5 O-O-O 8. Bxc6 bxc6 9. O-O Kd7 10. Nc3 Rb8 11. b3 Qb4 12. Qd3 c5 13. dxc5 Qxc5+ 14. Kh1 c6 15. h3 Bxf3 16. Qxf3 Ne7 17. Rfd1 g6 18. Rac1 Bg7 19. Ne4 Qb6 20. c4 f5 21. exf6 Ke8 22. fxg7 Kf7 23. gxh8=Q dxe4 24. Qxh7+ Kf6 1-0

[Event "Junior Online 4NCL Division 4"]
[Site "online"]
[Date "2021.03.04"]
[EventDate "2021.03.04"]
[Round "4.157"]
[White "Tager, Maya"]
[WhiteElo "1037"]
[WhiteTeam "Edgware Gambits G"]
[Black "Shan-Muhammad, Rohan"]
[BlackElo "1068"]
[BlackTeam "Wimbledon Juniors A"]
[Result "0-1"]
[PlyCount "98"]

1. e4 e5 2. Nf3 Nc6 3. Bb5 a6 4. Bxc6 dxc6 5. d3 h6 6. Nxe5 Qd4 7. Nf3 Qf6 8. O-O Ne7 9. Nc3 Bg4 10. e5 Qf5 11. Nh4 Bxd1 12. Nxf5 Nxf5 13. Rxd1 Nd4 14. Rd2 Bb4 15. a3 Bxc3 16. bxc3 Ne6 17. Re2 Ke7 18. d4 f6 19. exf6+ gxf6 20. Rb1 b5 21. Ra1 Kf7 22. a4 Ng5 23. axb5 cxb5 24. Bxg5 hxg5 25. Rae1 Rhe8 26. g3 Rxe2 27. Rxe2 a5 28. Re1 a4 29. Ra1 a3 30. Kf1 a2 31. Ke1 Ke6 32. Kd1 Kd5 33. Kc1 Kc4 34. Kb2 b4 35. cxb4 Kxd4 36. c3+ Kd3 37. Kb3 Ke2 38. c4 Kxf2 39. h4 Kxg3 40. hxg5 fxg5 41. c5 g4 42. b5 Kf2 43. Kb4 g3 44. b6 cxb6 45. cxb6 g2 46. Kb5 g1=Q 47. Rxg1 Kxg1 48. b7 a1=Q 49. bxa8=Q Qxa8 0-1

[Event "Junior Online 4NCL Division 4"]
[Site "online"]
[Date "2021.03.04"]
[EventDate "2021.03.04"]
[Round "4.162"]
[White "Crichton, Finlay"]
[WhiteElo "1116"]
[WhiteTeam "St James Primary"]
[Black "Gelmini, Leonardo"]
[BlackElo "900"]
[BlackTeam "Rhodes Avenue Rooks"]
[Result "0-1"]
[PlyCount "72"]

1. e4 c5 2. Nf3 g6 3. Nc3 Bg7 4. d4 cxd4 5. Nxd4 e5 6. Nf3 Nf6 7. b3 O-O 8. Bb2 Nc6 9. Qd2 d6 10. Be2 Be6 11. h4 Ng4 12. Ng5 h6 13. Nxe6 fxe6 14. Bxg4 Qe7 15. h5 g5 16. g3 Qf6 17. Nb5 d5 18. exd5 exd5 19. Nc7 Rad8 20. f3 d4 21. O-O-O Rb8 22. Rdf1 a6 23. Rf2 Qd6 24. Ne6 Rf7 25. Nxg7 Kxg7 26. Rhf1 Rbf8 27. c3 d3 28. Rd1 e4 29. c4+ Kg8 30. Qc3 Rf6 31. Qxf6 Rxf6 32. Bxf6 Qxf6 33. Kd2 Qb2+ 34. Ke3 Qd4+ 35. Kd2 Qxf2+ 36. Kc3 Qc2# 0-1

[Event "Junior Online 4NCL Division 4"]
[Site "online"]
[Date "2021.03.04"]
[EventDate "2021.03.04"]
[Round "4.163"]
[White "O'Connor, Ethan"]
[WhiteElo "858"]
[WhiteTeam "Rhodes Avenue Rooks"]
[Black "Harle Smith, Joseph"]
[BlackElo "1032"]
[BlackTeam "St James Primary"]
[Result "0-1"]
[PlyCount "48"]

1. e4 e5 2. Nf3 Nc6 3. d4 d6 4. Bb5 Bd7 5. Nc3 a6 6. Bc4 Nxd4 7. Nxd4 exd4 8. Qxd4 Nf6 9. O-O Bc6 10. e5 dxe5 11. Qxd8+ Rxd8 12. Bg5 Be7 13. Rfe1 h6 14. Bh4 O-O 15. Rxe5 Bd6 16. Re3 Rde8 17. Rd3 Ng4 18. Rd4 Nf6 19. Nd5 Bxd5 20. Bxd5 Nxd5 21. Rxd5 Re6 22. Rd4 Rfe8 23. h3 Re1+ 24. Rxe1 Rxe1# 0-1

[Event "Junior Online 4NCL Division 4"]
[Site "online"]
[Date "2021.03.04"]
[EventDate "2021.03.04"]
[Round "4.164"]
[White "Tang, Ismini"]
[WhiteElo "866"]
[WhiteTeam "St James Primary"]
[Black "Wilson, Donnie"]
[BlackElo "879"]
[BlackTeam "Rhodes Avenue Rooks"]
[Result "0-1"]
[PlyCount "40"]

1. e4 e5 2. Nf3 Nc6 3. Nc3 Nd4 4. Nxe5 Nc6 5. Nxc6 dxc6 6. Bc4 Nf6 7. d3 Qe7 8. Bg5 Bf5 9. O-O Be6 10. Bxe6 Qxe6 11. Qd2 Qg4 12. Rae1 Rd8 13. e5 Nd5 14. Bxd8 Nxc3 15. Bxc7 Nd5 16. Bd6 Bxd6 17. exd6+ Kd7 18. c4 Nf4 19. f3 Qg5 20. Qc3 Qxg2# 0-1

[Event "Junior Online 4NCL Division 4"]
[Site "online"]
[Date "2021.03.04"]
[EventDate "2021.03.04"]
[Round "4.165"]
[White "Toth, Nandor"]
[WhiteElo "1264"]
[WhiteTeam "St James Primary"]
[Black "Bass, Finn"]
[BlackElo "894"]
[BlackTeam "Rhodes Avenue Rooks"]
[Result "1-0"]
[PlyCount "45"]

1. e4 e5 2. Nf3 Nc6 3. Nc3 Nf6 4. Bb5 Bc5 5. Nxe5 Nxe5 6. d4 c6 7. dxe5 Ng8 8. Bd3 d6 9. Na4 b6 10. Nxc5 bxc5 11. exd6 Qxd6 12. Be3 Nf6 13. Qd2 O-O 14. O-O-O Rd8 15. f3 Be6 16. a3 Rd7 17. Be2 Rad8 18. Qxd6 Rxd6 19. Rxd6 Rxd6 20. Bxc5 Rd7 21. Rd1 Rb7 22. Rd8+ Ne8 23. Rxe8# 1-0

[Event "Junior Online 4NCL Division 4"]
[Site "online"]
[Date "2021.03.04"]
[EventDate "2021.03.04"]
[Round "4.166"]
[White "Gelmini, Leonardo"]
[WhiteElo "900"]
[WhiteTeam "Rhodes Avenue Rooks"]
[Black "Crichton, Finlay"]
[BlackElo "1116"]
[BlackTeam "St James Primary"]
[Result "0-1"]
[PlyCount "144"]

1. c4 e6 2. Nc3 d5 3. d4 dxc4 4. e4 Nc6 5. Nf3 Bb4 6. Bxc4 Nf6 7. e5 Ng4 8. O-O f6 9. h3 fxe5 10. hxg4 exd4 11. Ne2 e5 12. a3 Bc5 13. Ng5 Qf6 14. Ne4 Qe7 15. Bg5 Qd7 16. Nxc5 Qxg4 17. Bd2 d3 18. Bxd3 O-O 19. Qb3+ Kh8 20. Nc3 b6 21. N5e4 Nd4 22. f3 Qg6 23. Nf2 Nxb3 24. Bxg6 Nxa1 25. Bxh7 Kxh7 26. Rxa1 Ba6 27. Nd5 Rac8 28. Rc1 Rfd8 29. Nb4 Rxd2 30. Nxa6 Rxb2 31. Rxc7 Rxc7 32. Nxc7 Rb1+ 33. Kh2 Rb2 34. Ng4 Ra2 35. Nxe5 Rxa3 36. g4 Re3 37. f4 g5 38. Nc4 Re2+ 39. Kg3 gxf4+ 40. Kxf4 Rc2 41. Nxb6 Rxc7 42. Nd5 Rf7+ 43. Kg5 a5 44. Kh5 a4 45. g5 Kg7 46. g6 Rf5+ 47. Kg4 Rxd5 48. Kf4 a3 49. Ke4 a2 50. Kxd5 a1=Q 51. Ke6 Qf6+ 52. Kd5 Qxg6 53. Ke5 Qg4 54. Kd5 Qe2 55. Kd4 Kf6 56. Kd5 Qe3 57. Kc4 Qd2 58. Kc5 Ke5 59. Kc4 Ke4 60. Kb3 Qc1 61. Kb4 Kd4 62. Kb3 Kd3 63. Kb4 Qc2 64. Kb5 Qc3 65. Kb6 Qc4 66. Kb7 Qc5 67. Kb8 Qc6 68. Ka7 Qb5 69. Ka8 Kc4 70. Ka7 Kc5 71. Ka8 Kc6 72. Ka7 Qb7# 0-1

[Event "Junior Online 4NCL Division 4"]
[Site "online"]
[Date "2021.03.04"]
[EventDate "2021.03.04"]
[Round "4.167"]
[White "Harle Smith, Joseph"]
[WhiteElo "1032"]
[WhiteTeam "St James Primary"]
[Black "O'Connor, Ethan"]
[BlackElo "858"]
[BlackTeam "Rhodes Avenue Rooks"]
[Result "1-0"]
[PlyCount "89"]

1. e4 e5 2. Nf3 Nc6 3. Bc4 Bc5 4. d3 Nf6 5. Nc3 d6 6. Nd5 Ng4 7. O-O O-O 8. Bg5 f6 9. Bh4 Qe8 10. Nxc7+ Qf7 11. Bxf7+ Rxf7 12. Nxa8 g5 13. Bg3 Nh6 14. c3 Bg4 15. d4 Bb6 16. dxe5 Nxe5 17. Qxd6 Nxf3+ 18. gxf3 Bxf3 19. Nxb6 axb6 20. Qd8+ Kg7 21. Bd6 f5 22. Bf8+ Kg6 23. Bxh6 Kxh6 24. exf5 Rxf5 25. Rfe1 g4 26. Re6+ Kh5 27. Rae1 h6 28. R1e5 Rxe5 29. Rxe5+ Kg6 30. Re6+ Kf5 31. Rxh6 Kf4 32. Qf6+ Ke4 33. Qe6+ Kd3 34. Qe3+ Kc4 35. Rxb6 Kd5 36. Qd3+ Kc5 37. Rh6 g3 38. hxg3 b5 39. Qxf3 b4 40. Rh4 Kb5 41. b3 Ka5 42. Qf5+ Kb6 43. Rh6+ Ka7 44. Qf7+ Kb8 45. Rh8# 1-0

[Event "Junior Online 4NCL Division 4"]
[Site "online"]
[Date "2021.03.04"]
[EventDate "2021.03.04"]
[Round "4.168"]
[White "Wilson, Donnie"]
[WhiteElo "879"]
[WhiteTeam "Rhodes Avenue Rooks"]
[Black "Tang, Ismini"]
[BlackElo "866"]
[BlackTeam "St James Primary"]
[Result "0-1"]
[PlyCount "66"]

1. e4 e5 2. f4 exf4 3. Nf3 Nc6 4. Bc4 Nf6 5. Ng5 d5 6. Bxd5 Nxd5 7. exd5 Qxg5 8. dxc6 Qxg2 9. Qe2+ Qxe2+ 10. Kxe2 Bg4+ 11. Kf2 Bc5+ 12. Kg2 bxc6 13. Re1+ Kd7 14. Re5 f3+ 15. Kg3 Bd6 16. Kxg4 Bxe5 17. Kxf3 Bxh2 18. d4 Rhe8 19. Bf4 Bxf4 20. Kxf4 Re1 21. c3 Rae8 22. Kf3 R8e6 23. Kf2 h5 24. c4 h4 25. d5 cxd5 26. cxd5 R6e5 27. b3 h3 28. Kg3 R5e3+ 29. Kf2 h2 30. Nd2 h1=Q 31. Rxe1 Qxe1+ 32. Kg2 Qxd2+ 33. Kf1 Re1# 0-1

[Event "Junior Online 4NCL Division 4"]
[Site "online"]
[Date "2021.03.18"]
[EventDate "2021.03.18"]
[Round "5.11"]
[White "Barbier-Ramaiah, Rohan Theo"]
[WhiteElo "1218"]
[WhiteTeam "Edgware Gambits D"]
[Black "Zholnin, Ivan"]
[BlackElo "1420"]
[BlackTeam "Barnet Knights C"]
[Result "0-1"]
[PlyCount "90"]

1. d4 d5 2. c4 c6 3. Nc3 Nf6 4. Nf3 Bf5 5. Qb3 Qc7 6. cxd5 Nxd5 7. Nxd5 cxd5 8. Qxd5 e6 9. Qb5+ Nc6 10. Ne5 Bb4+ 11. Bd2 Bxd2+ 12. Kxd2 O-O 13. Nxc6 bxc6 14. Qc4 Qf4+ 15. Ke1 Rad8 16. e3 Qd6 17. Bd3 Bxd3 18. Qxd3 c5 19. Rd1 cxd4 20. exd4 Qb4+ 21. Rd2 Rd5 22. Ke2 Rfd8 23. Rhd1 Qb8 24. Kf1 Qxh2 25. Ke2 Qxg2 26. Ke1 Qh1+ 27. Ke2 Qh5+ 28. f3 Rg5 29. Re1 Rg2+ 30. Kd1 Rg3 31. Rf2 Qh4 32. Rd2 Qf6 33. Re3 h5 34. Kc1 Rg1+ 35. Kc2 Rc8+ 36. Kb3 Qe7 37. a3 Qb7+ 38. Ka2 Rcc1 39. b4 Qd5+ 40. Kb2 Ra1 41. Rc2 Ra2+ 42. Kc3 Qc6+ 43. Kb3 Qd5+ 44. Kc3 Rxa3+ 45. Kb2 Qa2# 0-1

[Event "Junior Online 4NCL Division 4"]
[Site "online"]
[Date "2021.03.18"]
[EventDate "2021.03.18"]
[Round "5.12"]
[White "Rupf, Oscar"]
[WhiteElo "1419"]
[WhiteTeam "Barnet Knights C"]
[Black "Kataria, Dhairya"]
[BlackElo "1298"]
[BlackTeam "Edgware Gambits D"]
[Result "1-0"]
[PlyCount "165"]

1. e4 c6 2. c3 d5 3. exd5 cxd5 4. d4 Nc6 5. Bb5 Bd7 6. Nf3 Nf6 7. O-O e6 8. Bg5 Be7 9. Re1 O-O 10. Nbd2 h6 11. Bh4 Qb6 12. Bxc6 Bxc6 13. Nb3 Rfe8 14. Ne5 Rad8 15. h3 Ne4 16. Bxe7 Rxe7 17. f3 Nf6 18. Qd2 Nd7 19. Nxd7 Rdxd7 20. Nc5 Rc7 21. a4 a5 22. Ra3 f6 23. Rxe6 Rxe6 24. Nxe6 Re7 25. Nc5 Qc7 26. Ra1 b6 27. Nd3 b5 28. axb5 Bxb5 29. Kf2 h5 30. Re1 Rxe1 31. Kxe1 Qg3+ 32. Kf1 Qg6 33. Ke2 Kf7 34. Ke3 Qg5+ 35. Ke2 Bxd3+ 36. Kxd3 Qf5+ 37. Ke2 Qe6+ 38. Qe3 Qa6+ 39. Qd3 Qe6+ 40. Kf2 f5 41. Qb5 Kf6 42. Qxa5 f4 43. Qd8+ Kf5 44. Qf8+ Kg5 45. Qxg7+ Kf5 46. Qh7+ Kf6 47. Qh6+ Kf5 48. Qxh5+ Kf6 49. Qh6+ Ke7 50. Qxe6+ Kxe6 51. g3 Kf5 52. gxf4 Kxf4 53. b4 Kf5 54. b5 Ke6 55. b6 Kd6 56. h4 Kc6 57. h5 Kxb6 58. h6 Kc7 59. h7 Kd7 60. h8=Q Ke7 61. Qh7+ Ke6 62. Qg8+ Kf6 63. Kg3 Kf5 64. Qg4+ Kf6 65. Kh4 Ke7 66. Qf5 Kd6 67. Kg5 Ke7 68. Kg6 Kd6 69. Qe5+ Kd7 70. Kf6 Kc6 71. Qe6+ Kb5 72. Qxd5+ Ka4 73. c4 Kb4 74. c5 Kb5 75. c6+ Ka6 76. c7 Ka7 77. c8=R Kb6 78. Qc5+ Ka6 79. Ra8+ Kb7 80. Qc8+ Kb6 81. Rb8+ Ka7 82. Qc7+ Ka6 83. Qb6# 1-0

[Event "Junior Online 4NCL Division 4"]
[Site "online"]
[Date "2021.03.18"]
[EventDate "2021.03.18"]
[Round "5.13"]
[White "Durling, Charlie"]
[WhiteElo "1235"]
[WhiteTeam "Edgware Gambits D"]
[Black "Ford, Conor"]
[BlackElo "1381"]
[BlackTeam "Barnet Knights C"]
[Result "0-1"]
[PlyCount "30"]

1. d4 f5 2. c4 Nf6 3. Nc3 e6 4. Nf3 c6 5. Bg5 d5 6. cxd5 exd5 7. e3 Bd6 8. Bd3 O-O 9. O-O h6 10. Bh4 Qe8 11. Qe2 Ne4 12. Nd2 Qg6 13. f3 Nxd2 14. Qxd2 Qh5 15. Bf2 Qxh2# 0-1

[Event "Junior Online 4NCL Division 4"]
[Site "online"]
[Date "2021.03.18"]
[EventDate "2021.03.18"]
[Round "5.14"]
[White "Bracken, Layla"]
[WhiteElo "1311"]
[WhiteTeam "Barnet Knights C"]
[Black "Lyons, Joseph"]
[BlackElo "1206"]
[BlackTeam "Edgware Gambits D"]
[Result "1-0"]
[PlyCount "49"]

1. e4 e5 2. Nf3 Nc6 3. Nc3 Nf6 4. Bb5 Bc5 5. O-O O-O 6. Bxc6 dxc6 7. Nxe5 Bd4 8. Nf3 Bg4 9. h3 Bh5 10. d3 h6 11. a4 a5 12. Be3 Bxc3 13. bxc3 b5 14. Bc5 Re8 15. Bd4 Nd7 16. g4 Bg6 17. Nh2 c5 18. Be3 c6 19. f4 Qh4 20. Qf3 h5 21. g5 c4 22. Bf2 Ne5 23. Qe3 Qxf2+ 24. Rxf2 Nd7 25. f5 1-0

[Event "Junior Online 4NCL Division 4"]
[Site "online"]
[Date "2021.03.18"]
[EventDate "2021.03.18"]
[Round "5.15"]
[White "Zholnin, Ivan"]
[WhiteElo "1420"]
[WhiteTeam "Barnet Knights C"]
[Black "Barbier-Ramaiah, Rohan Theo"]
[BlackElo "1218"]
[BlackTeam "Edgware Gambits D"]
[Result "1/2-1/2"]
[PlyCount "87"]

1. e4 c5 2. Nf3 Nc6 3. Nc3 e5 4. Bb5 d6 5. d3 Bg4 6. h3 Bh5 7. O-O Nf6 8. Bg5 Be7 9. Bxf6 Bxf6 10. Nd5 Bh4 11. c3 O-O 12. Re1 f5 13. exf5 Rxf5 14. Qe2 Bxf3 15. gxf3 Qg5+ 16. Kh2 a6 17. Rg1 Qh6 18. Bxc6 bxc6 19. Ne3 Rh5 20. Ng4 Qf4+ 21. Kg2 Rg5 22. Kh1 h5 23. Ne3 Rxg1+ 24. Rxg1 d5 25. Ng2 Qf5 26. Kh2 Rf8 27. f4 exf4 28. Nxh4 f3 29. Qe7 Rf7 30. Nxf5 Rxe7 31. Nxe7+ Kf7 32. Nxc6 Kf6 33. Kg3 g5 34. Kxf3 d4 35. cxd4 cxd4 36. Nxd4 Ke5 37. Nc6+ Kf5 38. Ne7+ Kf6 39. d4 Kxe7 40. Rxg5 Kf6 41. Rxh5 Kg6 42. Ra5 Kf6 43. Rxa6+ Kf5 44. h4 1/2-1/2

[Event "Junior Online 4NCL Division 4"]
[Site "online"]
[Date "2021.03.18"]
[EventDate "2021.03.18"]
[Round "5.16"]
[White "Kataria, Dhairya"]
[WhiteElo "1298"]
[WhiteTeam "Edgware Gambits D"]
[Black "Rupf, Oscar"]
[BlackElo "1419"]
[BlackTeam "Barnet Knights C"]
[Result "1-0"]
[PlyCount "199"]

1. e4 e6 2. d4 d5 3. e5 c5 4. c3 Nc6 5. Nf3 Qb6 6. Be3 Qxb2 7. Nbd2 Qxc3 8. Rc1 Qa5 9. a4 Nge7 10. Rxc5 Qc7 11. Bd3 Ng6 12. Rc1 Bd7 13. O-O Be7 14. Qe2 a6 15. Rfe1 f5 16. Ng5 h6 17. Qh5 Bxg5 18. Qxg6+ Kf8 19. Bxg5 Be8 20. Qxe6 hxg5 21. Qxf5+ Qf7 22. Qxf7+ Bxf7 23. e6 Be8 24. Re3 g4 25. Rce1 Ne7 26. h3 gxh3 27. Rf3+ Kg8 28. gxh3 Bxa4 29. Rf7 Re8 30. Bg6 Rh6 31. Bd3 Rxh3 32. Bf1 Rh6 33. Re3 Rg6+ 34. Bg2 Bc6 35. Nf3 Rf6 36. Ne5 Nc8 37. Rg3 Re7 38. Rxf6 Na7 39. Nxc6 bxc6 40. Rf7 Rxf7 41. exf7+ Kxf7 42. Rf3+ Kg8 43. Ra3 Nb5 44. Rxa6 Nxd4 45. Ra8+ Kf7 46. Ra7+ Kf6 47. Kf1 g5 48. Ke1 Kf5 49. Kd2 Kf4 50. Kd3 c5 51. Rf7+ Ke5 52. Re7+ Kf4 53. Bxd5 g4 54. Rc7 g3 55. fxg3+ Kxg3 56. Rxc5 Nf5 57. Be4 Nd6 58. Rd5 Nf7 59. Rf5 Nd6 60. Rf3+ Kg4 61. Ke3 Nc4+ 62. Kd4 Nd2 63. Rf2 Nb3+ 64. Kc3 Nc5 65. Bf3+ Kg3 66. Rf1 Ne6 67. Bd5 Nf4 68. Kd4 Ne2+ 69. Ke3 Nc3 70. Rg1+ Kh2 71. Rh1+ Kg3 72. Rg1+ Kh2 73. Rg2+ Kh3 74. Rd2 Nb5 75. Kf3 Nc7 76. Rd1 Kh4 77. Kf4 Kh5 78. Be4 Ne6+ 79. Kf5 Ng7+ 80. Kf6 Ne8+ 81. Ke7 Ng7 82. Rg1 Kh6 83. Kf6 Nh5+ 84. Kf5 Ng7+ 85. Kg4 Ne6 86. Rh1+ Kg7 87. Kf5 Nd4+ 88. Ke5 Nb5 89. Rg1+ Kf7 90. Bd5+ Ke7 91. Rg7+ Kf8 92. Kf6 Ke8 93. Bc6+ Kd8 94. Bxb5 Kc8 95. Ke6 Kd8 96. Kd6 Kc8 97. Ba6+ Kb8 98. Kc6 Ka8 99. Kb6 Kb8 100. Rg8# 1-0

[Event "Junior Online 4NCL Division 4"]
[Site "online"]
[Date "2021.03.18"]
[EventDate "2021.03.18"]
[Round "5.17"]
[White "Ford, Conor"]
[WhiteElo "1381"]
[WhiteTeam "Barnet Knights C"]
[Black "Durling, Charlie"]
[BlackElo "1235"]
[BlackTeam "Edgware Gambits D"]
[Result "1/2-1/2"]
[PlyCount "150"]

1. d4 e6 2. e3 c5 3. c3 d5 4. Bd3 Nc6 5. Nd2 Nf6 6. f4 Bd6 7. Ngf3 O-O 8. O-O Qb6 9. Ne5 cxd4 10. exd4 Bxe5 11. fxe5 Nxe5 12. Bc2 Bd7 13. Kh1 Ng6 14. Nf3 Bb5 15. Rf2 Ng4 16. Rd2 Ne3 17. Qe1 Nc4 18. Rf2 e5 19. dxe5 Ngxe5 20. Nxe5 Rfe8 21. Re2 Qe6 22. Bd3 a6 23. Nxc4 Qxe2 24. Qxe2 Rxe2 25. Bxe2 Re8 26. Bf1 Bxc4 27. Bf4 Re4 28. Bxc4 Rxc4 29. Re1 h6 30. h3 Rxf4 31. Re7 b5 32. Ra7 Rf6 33. Rb7 g5 34. Rd7 Rf5 35. Rd6 Rf2 36. Rxa6 Rxb2 37. Rd6 Rxa2 38. Rxd5 Rb2 39. Rd6 Kg7 40. Rc6 Rc2 41. Kh2 b4 42. c4 b3 43. Rb6 b2 44. c5 f5 45. c6 Rxc6 46. Rxb2 Kg6 47. Re2 Rf6 48. Kg3 h5 49. Kf3 f4 50. g4 fxg3+ 51. Kxg3 h4+ 52. Kg2 Kh5 53. Re5 Rf4 54. Kh2 Rf3 55. Kg2 Rg3+ 56. Kh2 Kg6 57. Re2 Kf5 58. Rf2+ Ke4 59. Rg2 Kf3 60. Rd2 Ke3 61. Rg2 Kf4 62. Rxg3 hxg3+ 63. Kg2 g4 64. h4 Kf5 65. Kxg3 Kg6 66. Kxg4 Kh6 67. h5 Kh7 68. Kg5 Kg7 69. h6+ Kh8 70. Kg6 Kg8 71. Kf6 Kh7 72. Kg5 Kh8 73. Kg6 Kg8 74. h7+ Kh8 75. Kf7 Kxh7 1/2-1/2

[Event "Junior Online 4NCL Division 4"]
[Site "online"]
[Date "2021.03.18"]
[EventDate "2021.03.18"]
[Round "5.18"]
[White "Lyons, Joseph"]
[WhiteElo "1206"]
[WhiteTeam "Edgware Gambits D"]
[Black "Bracken, Layla"]
[BlackElo "1311"]
[BlackTeam "Barnet Knights C"]
[Result "1-0"]
[PlyCount "75"]

1. e4 e5 2. Nf3 Nc6 3. Bb5 Bc5 4. O-O d6 5. h3 Nf6 6. d4 exd4 7. Nxd4 Bxd4 8. Qxd4 a6 9. Qa4 Bd7 10. Be2 b5 11. Qb3 Nxe4 12. Bf3 Nc5 13. Qe3+ Ne6 14. Qe1 Rb8 15. b3 Nd4 16. Qd1 O-O 17. Bb2 c5 18. Bd5 Qb6 19. c3 Nf5 20. Qg4 Nh6 21. Qg3 c4 22. Bc1 Nf5 23. Qg4 Nc7 24. Be4 g6 25. Na3 cxb3 26. axb3 Qc5 27. c4 Qd4 28. Bxf5 Qxa1 29. Bxd7 f5 30. Qg3 Rb7 31. Qxd6 Rd8 32. Be6+ Nxe6 33. Qxe6+ Kg7 34. Bg5 Qxa3 35. Bxd8 Qxb3 36. Qf6+ Kg8 37. Re1 Qxc4 38. Re8# 1-0

[Event "Junior Online 4NCL Division 4"]
[Site "online"]
[Date "2021.03.18"]
[EventDate "2021.03.18"]
[Round "5.21"]
[White "Eccleston, Bryony"]
[WhiteElo "1332"]
[WhiteTeam "Manchester Juniors D"]
[Black "Kammin, Samuel"]
[BlackElo "1701"]
[BlackTeam "Farnham Fantasticos"]
[Result "0-1"]
[PlyCount "60"]

1. d4 e6 2. Bf4 f5 3. Nf3 Nf6 4. Nbd2 Be7 5. e3 O-O 6. c3 b6 7. Qb3 Bb7 8. Bd3 Ne4 9. O-O g5 10. Nxe4 fxe4 11. Nxg5 Bxg5 12. Bxg5 Qxg5 13. Be2 Nc6 14. Qc2 Ne7 15. Rad1 Rf6 16. a3 Raf8 17. Bb5 d5 18. Rd2 c6 19. Ba4 Qxe3 20. Re2 Qg5 21. Bb3 Rg6 22. g3 Rh6 23. h4 Rxh4 24. Qd2 Qg6 25. Qe3 Rf3 26. Qd2 Nf5 27. Bd1 Rd3 28. Qe1 Kh8 29. Bc2 Nxg3 30. Bxd3 Nxe2# 0-1